| 000 | 00530nam a22001817a 4500 | ||
|---|---|---|---|
| 999 |
_c31894 _d31894 |
||
| 003 | OSt | ||
| 005 | 20250422145953.0 | ||
| 008 | 250422b ||||| |||| 00| 0 eng d | ||
| 020 | _cRs 105.00 | ||
| 040 | _cimukc | ||
| 041 | _aeng | ||
| 082 |
_a510 _bM2145 |
||
| 245 |
_aMathematics and statistics : _barts and science standard xii. Part 1 / |
||
| 260 |
_aPune : _bMaharashtra State Board of Secondary & Higher Secondary Education, _c2013. |
||
| 300 |
_a318 p. : _bill. ; _c28 cm |
||
| 650 | 0 |
_931 _aMathematics |
|
| 942 |
_2ddc _cBK |
||